Technology, international economics, and public policy
Na minha lista:
| Autor principal: | |
|---|---|
| Formato: | Livro |
| Idioma: | Undetermined |
| Publicado em: |
Washington
Westview press,Inc
1982
|
| Assuntos: | |
| Tags: |
Adicionar Tag
Sem tags, seja o primeiro a adicionar uma tag!
|
| Thư viện lưu trữ: | Trung tâm Học liệu Trường Đại học Cần Thơ |
|---|
| LEADER | 00525nam a2200181Ia 4500 | ||
|---|---|---|---|
| 001 | CTU_81483 | ||
| 008 | 210402s9999 xx 000 0 und d | ||
| 082 | |a 338.06 | ||
| 082 | |b M647 | ||
| 100 | |a Miller, Hugh H. | ||
| 245 | 0 | |a Technology, international economics, and public policy | |
| 245 | 0 | |c Hugh H. Miller | |
| 260 | |a Washington | ||
| 260 | |b Westview press,Inc | ||
| 260 | |c 1982 | ||
| 650 | |a Economic policy,Technology policy | ||
| 904 | |i Trọng Hải | ||
| 980 | |a Trung tâm Học liệu Trường Đại học Cần Thơ | ||